000 00436nam a2200169Ia 4500
005 20250508153332.0
008 008 250505s9999 xx 000 0 eng d
037 _aTextual
040 _aFEDL
_beng
_cFEDL
041 _aeng
_2eng
084 _a378.4257, OXF
_qFEDL
245 0 _aStory of Ruskin college 1899-1949
260 _c1949
300 _a23p.
942 _cTEXL
_h378.4257, OXF
999 _c1342109
_d1342109